000 00874cam a2200277 a 4500
008
020 _a0078823382 (pbk.)
049 _aMAIN
090 _aREF HF5548.4.M525
_bNEL
100 1 _aNelson, Stephen L.
245 1 0 _aOffice '97 :
_bthe complete reference /
_cStephen L. Nelson, Peter Weverka.
246 3 0 _aComplete reference.
246 1 4 _aMicrosoft office 97.
260 _aBerkeley [Calif.] :
_bOsborne,
_cc1997.
300 _axl, 967 p. :
_bill. ;
_c24 cm. +
_e1 computer laser optical disc (4 3/4 in.)
500 _aIncludes index.
630 0 0 _aMicrosoft Office.
650 0 _aIntegrated software.
630 0 4 _aMicrosoft Office.
700 1 _aWeverka, Peter.
907 _a.b10024566
_b21-09-12
_c17-04-03
003
005 20230120191407.0
040 _cNUST
942 _cBOOKS
_kREF HF5548.4.M525
_mNEL
999 _c100323
_d100323